Θέρμανση - Κλιματισμός / Μελέτη - Κατασκευή - Εγκαταστάσεις - Υλικά - Δίκτυα - Εξοπλισμός (Record no. 5760)
[ view plain ]
| 000 -LEADER | |
|---|---|
| fixed length control field | 03252cam a22002054a 4500 |
| 005 - ΗΜΕΡΟΜΗΝΙΑ ΚΑΙ ΩΡΑ ΤΕΛΕΥΤΑΙΑΣ ΕΝΗΜΕΡΩΣΗΣ | |
| Πεδίο ελέγχου | 20250605164221.0 |
| 008 - FIXED-LENGTH DATA ELEMENTS--GENERAL INFORMATION | |
| Πεδίο ελέγχου σταθερού μήκους | 250528s ||||||||||||||||||||||||d |
| 035 ## - SYSTEM CONTROL NUMBER | |
| System control number | 20674 |
| 020 ## - ISBN | |
| ISBN | 9607594320 |
| 040 ## - ΠΗΓΗ ΚΑΤΑΛΟΓΟΓΡΑΦΗΣΗΣ | |
| Φορέας πρωτότυπης καταλογογράφησης | MC Athens Campus Library |
| Γλώσσα καταλογογράφησης | Ελληνικά, Μοντέρνα (1453-) |
| Modifying agency | MC Athens Campus Library |
| Κανόνες περιγραφικής καταλογογράφησης | AACR2 |
| 245 1# - ΤΙΤΛΟΣ ΚΑΙ ΔΗΛΩΣΗ ΥΠΕΥΘΥΝΟΤΗΤΑΣ | |
| Τίτλος | Θέρμανση - Κλιματισμός / Μελέτη - Κατασκευή - Εγκαταστάσεις - Υλικά - Δίκτυα - Εξοπλισμός |
| 260 ## - PUBLICATION, DISTRIBUTION, ETC. | |
| Name of publisher, distributor, etc. | Φοίβος, |
| Date of publication, distribution, etc. | 2002 |
| 300 ## - PHYSICAL DESCRIPTION | |
| Extent | 1806 |
| 505 0# - FORMATTED CONTENTS NOTE | |
| Formatted contents note | Η Συνθήκη της Ανέσεως, Συστήματα Θερμάνσεως και Κλιματισμού, Ανάγκη Ανανεώσεως του Αέρα Κλειστών Χώρων και Φίλτρα, Βασικές Αρχές Επιλογής των Συστημάτων Αερισμού και Θερμάνσεως και Κλιματισμού, Θερμικός Ισολογισμός και Φορτία Θερμάνσεως και Κλιματισμού, Συστήματα Τοπικής Θερμάνσεως, Κεντρική Θέρμανση, Τοπικές Κλιματιστικές Μονάδες και Αντλίες Θερμότητος, Κεντρικός Κλιματισμός, Δίκτυα Ζεστού Νερού και Κυκλοφορητές, Δίκτυα Αέρα και Στόμια και Ανεμιστήρες, Λεβητοστάσια, Εγκαταστάσεις Ψύξεως, Ασφάλεια και Έλεγχος και Αυτοματισμοί Εγκαταστάσεων και Κλιματισμού, Συστήματα Εξοικονομήσεως Ενέργειας και Βιοκλιματικός Σχεδιασμός Κτιρίων, Παραδείγματα Εφαρμογών, Υποδειγματικές Λύσεις, Πίνακες και Διαγράμματα. |
| 520 ## - SUMMARY, ETC. | |
| Summary, etc. | Η Συνθήκη της Ανέσεως, Συστήματα Θερμάνσεως και Κλιματισμού, Ανάγκη Ανανεώσεως του Αέρα Κλειστών Χώρων και Φίλτρα, Βασικές Αρχές Επιλογής των Συστημάτων Αερισμού και Θερμάνσεως και Κλιματισμού, Θερμικός Ισολογισμός και Φορτία Θερμάνσεως και Κλιματισμού, Συστήματα Τοπικής Θερμάνσεως, Κεντρική Θέρμανση, Τοπικές Κλιματιστικές Μονάδες και Αντλίες Θερμότητος, Κεντρικός Κλιματισμός, Δίκτυα Ζεστού Νερού και Κυκλοφορητές, Δίκτυα Αέρα και Στόμια και Ανεμιστήρες, Λεβητοστάσια, Εγκαταστάσεις Ψύξεως, Ασφάλεια και Έλεγχος και Αυτοματισμοί Εγκαταστάσεων και Κλιματισμού, Συστήματα Εξοικονομήσεως Ενέργειας και Βιοκλιματικός Σχεδιασμός Κτιρίων, Παραδείγματα Εφαρμογών, Υποδειγματικές Λύσεις, Πίνακες και Διαγράμματα. |
| 700 1# - ΠΡΟΣΘΕΤΗ ΑΝΑΓΡΑΦΗ--ΦΥΣΙΚΟ ΠΡΟΣΩΠΟ | |
| Personal name | Σελλούντου Βάϊου Ηλία |
| 9 (RLIN) | 6640 |
| 942 ## - ADDED ENTRY ELEMENTS (KOHA) | |
| Koha item type | Books |
| Τύπος τεκμηρίου | Βιβλιοθήκη | Τρέχουσα τοποθεσία | Barcode | Αριθμός εισαγωγής | Ημερομηνία απόκτησης | Ταξιθετικό σύμβολο | Αριθμός αντιτύπου | Κατάσταση απόσυρσης | Κατάσταση χαμένου | Κατάσταση κατεστραμμένου | Μη δανεισμός | Σύνολο δανεισμών | Ημερομηνία τελευταίας εμφάνισης | Η τιμή ισχύει από |
|---|---|---|---|---|---|---|---|---|---|---|---|---|---|---|
| Books | MC Athens Campus Library | MC Athens Campus Library | 9780000057594 | 7273 | 05/06/2025 | 697 SEL | 1 | 05/06/2025 | 05/06/2025 |